00560 2200217 4500001002100000005001700021008004100038020001800079035002400097040001200121082001000133090002100143100001900164245004300183250001100226260003100237300002400268650001500292850001200307990002300319YOGYA-0209000005811320090227034329.0 ind  a979-413-969-6 0010-020900000058113 aYOPDYOG a261.8 aDEP 261.8bNad S aNADEAK, Wilson aSeraut wajah pernikahancWilson Nadeak aCet. 1 aYogyakartabKanisiusc1993 a98 hlmbilusc21 cm aPernikahan aYOPDYOG a1993-106 h CB-D.11